000
00233nam a22001097a 4500
082
_a
621.3815FAR
100
_a
Farrukh Saleem
245
_a
Electronics questions and answers
260
_a
Karachi
_c
1984
300
_a
128
942
_c
BK
999
_c
12923
_d
12923